Central Library OPAC University of Rajshahi

A practical grammar of the Sanskrit language : (Record no. 61756)

MARC details
000 -LEADER
fixed length control field 00918nam a2200253 a 4500
001 - CONTROL NUMBER
control field 61756
003 - CONTROL NUMBER IDENTIFIER
rucl marc code BD-RjUL
005 - DATE AND TIME OF LATEST TRANSACTION
control field 20211209081011.0
008 - FIXED-LENGTH DATA ELEMENTS--GENERAL INFORMATION
fixed length control field 170121s1962 ii 0|1 0 eng d
035 ## - SYSTEM CONTROL NUMBER
System control number (BD-RjUL)61880
040 ## - CATALOGING SOURCE
Original cataloging agency BD-RjUL
Transcribing agency BD-RjUL
Modifying agency BD-RjUL
Language of cataloging eng
041 0# - LANGUAGE CODE
Language code of text/sound track or separate title eng
082 ## - DEWEY DECIMAL CLASSIFICATION NUMBER
Edition number 23
Classification number 491.25
Author mark and year MOP 1962
100 1# - MAIN ENTRY--PERSONAL NAME
Personal name Monier-Williams, Monier,
Dates associated with a name 1819-1899.
9 (RLIN) 183890
245 12 - TITLE STATEMENT
Title A practical grammar of the Sanskrit language :
Remainder of title arranged with reference to the classical languages of Europe for the use of English students /
Statement of responsibility, etc. Monier Monier-Williams, Sir
250 ## - EDITION STATEMENT
Edition statement 4th ed.
260 ## - PUBLICATION, DISTRIBUTION, ETC. (IMPRINT)
Place of publication, distribution, etc. Varanasi :
Name of publisher, distributor, etc. Chowkhamba Sanskrit Series Office,
Date of publication, distribution, etc. 1962
300 ## - PHYSICAL DESCRIPTION
Pagination xxviii, 409 p. :
Size 25 cm.
490 1# - SERIES STATEMENT
Series statement Chowkhamba Sanskrit studies,
Volume/sequential designation v. 21
500 ## - GENERAL NOTE
General note Includes index
650 #0 - SUBJECT ADDED ENTRY--TOPICAL TERM
Topical term or geographic name as entry element Sanskrit language
General subdivision Grammar.
9 (RLIN) 182299
830 #0 - SERIES ADDED ENTRY--UNIFORM TITLE
Uniform title Chowkhamba Sanskrit studies,
Volume number/sequential designation v. 21
942 ## - ADDED ENTRY ELEMENTS (KOHA)
Source of classification or shelving scheme Dewey Decimal Classification
Koha item type Books
Holdings
Lost status Source of classification or shelving scheme Damaged status Not for loan Collection code Permanent Location Current Location Shelving location Date acquired Source of acquisition Cost, normal purchase price Total Checkouts Full call number Date last seen Copy number Koha item type
  Dewey Decimal Classification   Not For Loan Non-fiction Central Library, University of Rajshahi Central Library, University of Rajshahi Reading Room 05/06/1965 Orintalia 1.00   491.25 MOP 1962 21/01/2017 C-1 Books